<?xml version="1.0" encoding="UTF-8"?>
<record
    xmlns:xsi="http://www.w3.org/2001/XMLSchema-instance"
    xsi:schemaLocation="http://www.loc.gov/MARC21/slim http://www.loc.gov/standards/marcxml/schema/MARC21slim.xsd"
    xmlns="http://www.loc.gov/MARC21/slim">

  <leader>01766nam a22001817a 4500</leader>
  <controlfield tag="008">190802b        xxu||||| |||| 00| 0 eng d</controlfield>
  <datafield tag="020" ind1=" " ind2=" ">
    <subfield code="a">9780073511405</subfield>
  </datafield>
  <datafield tag="050" ind1=" " ind2=" ">
    <subfield code="a">HB171.5.F734(5e)</subfield>
  </datafield>
  <datafield tag="100" ind1=" " ind2=" ">
    <subfield code="a">Frank, Robert H.</subfield>
  </datafield>
  <datafield tag="245" ind1=" " ind2=" ">
    <subfield code="a">Principles of economics. /</subfield>
    <subfield code="c">Robert H. Frank and Ben S. Bernanke. </subfield>
  </datafield>
  <datafield tag="250" ind1=" " ind2=" ">
    <subfield code="a">5th edition.</subfield>
  </datafield>
  <datafield tag="260" ind1=" " ind2=" ">
    <subfield code="a">New York :</subfield>
    <subfield code="b">McGraw-Hill,</subfield>
    <subfield code="c">2013.</subfield>
  </datafield>
  <datafield tag="300" ind1=" " ind2=" ">
    <subfield code="a">xxxii, 763 + various pagings :</subfield>
    <subfield code="b">ill. col. ; </subfield>
    <subfield code="c">28 cm. </subfield>
  </datafield>
  <datafield tag="500" ind1=" " ind2=" ">
    <subfield code="a">Includes glossary and  index.</subfield>
  </datafield>
  <datafield tag="505" ind1=" " ind2=" ">
    <subfield code="a">Contents : Part I : Introduction: Thinking like an economist -- Comparative advantage -- Supply and demand -- Part II : Competition and the invisible hand: Elasticity -- Demand -- Perfectly competitive supply -- Efficiency, exchange, and the invisible hand in action -- Market imperfections: Monopoly,Oligopoly, and monopolistic competition -- Games and strategic behavior -- Eternalities and property rights -- The economics of information -- Part IV: Economics of public policy: Labor markets, poverty , and income distribution -- The environment, health, and   safety -- Public goods and tax policy -- Macroeconomics:data and issues: Spending, income, and GDP -- Inflation and the price level -- Wages and unemployment -- Part VI : The economy in the long run: Economic growth -- Saving, Capital formation, and financial markets -- Money, prices, and the financial system -- Part VII : The economy in the short run: Short-term economic fluctuations -- Spending, output, and fiscal policy -- Monetary policy and the federal reserve -- aggregate demand, aggregate supply, and business cycles -- Macroeconomic policy -- Part VIII: The international economy: Exchange rates, international trade, and capital flows  </subfield>
  </datafield>
  <datafield tag="700" ind1=" " ind2=" ">
    <subfield code="a">Bernanke, Ben S.</subfield>
  </datafield>
  <datafield tag="942" ind1=" " ind2=" ">
    <subfield code="2">lcc</subfield>
    <subfield code="c">BK</subfield>
  </datafield>
  <datafield tag="999" ind1=" " ind2=" ">
    <subfield code="c">6846</subfield>
    <subfield code="d">14346</subfield>
  </datafield>
  <datafield tag="952" ind1=" " ind2=" ">
    <subfield code="0">0</subfield>
    <subfield code="1">0</subfield>
    <subfield code="2">lcc</subfield>
    <subfield code="4">0</subfield>
    <subfield code="7">0</subfield>
    <subfield code="a">WIUC-1</subfield>
    <subfield code="b">WIUC-1</subfield>
    <subfield code="c">CC</subfield>
    <subfield code="d">2019-08-02</subfield>
    <subfield code="l">0</subfield>
    <subfield code="o">HB171.5.F734(5e)</subfield>
    <subfield code="p">898/016/19</subfield>
    <subfield code="r">2019-08-02 00:00:00</subfield>
    <subfield code="t">1</subfield>
    <subfield code="w">2019-08-02</subfield>
    <subfield code="y">BK</subfield>
  </datafield>
  <datafield tag="952" ind1=" " ind2=" ">
    <subfield code="0">0</subfield>
    <subfield code="1">0</subfield>
    <subfield code="2">lcc</subfield>
    <subfield code="4">0</subfield>
    <subfield code="7">0</subfield>
    <subfield code="a">WIUC-1</subfield>
    <subfield code="b">WIUC-1</subfield>
    <subfield code="c">CC</subfield>
    <subfield code="d">2019-08-02</subfield>
    <subfield code="l">0</subfield>
    <subfield code="o">HB171.5.F7341(5e)</subfield>
    <subfield code="p">897/015/19</subfield>
    <subfield code="r">2019-08-02 00:00:00</subfield>
    <subfield code="t">2</subfield>
    <subfield code="w">2019-08-02</subfield>
    <subfield code="y">BK</subfield>
  </datafield>
  <datafield tag="952" ind1=" " ind2=" ">
    <subfield code="0">0</subfield>
    <subfield code="1">0</subfield>
    <subfield code="2">lcc</subfield>
    <subfield code="4">0</subfield>
    <subfield code="7">0</subfield>
    <subfield code="a">WIUC-1</subfield>
    <subfield code="b">WIUC-1</subfield>
    <subfield code="c">REF</subfield>
    <subfield code="d">2019-08-14</subfield>
    <subfield code="l">0</subfield>
    <subfield code="o">HB171.5.F7342(5e)</subfield>
    <subfield code="p">8447/041/19</subfield>
    <subfield code="r">2019-08-14 00:00:00</subfield>
    <subfield code="t">3</subfield>
    <subfield code="w">2019-08-14</subfield>
    <subfield code="y">BK</subfield>
  </datafield>
  <datafield tag="952" ind1=" " ind2=" ">
    <subfield code="0">0</subfield>
    <subfield code="1">0</subfield>
    <subfield code="2">lcc</subfield>
    <subfield code="4">0</subfield>
    <subfield code="7">0</subfield>
    <subfield code="a">WIUC-1</subfield>
    <subfield code="b">WIUC-1</subfield>
    <subfield code="c">REF</subfield>
    <subfield code="d">2019-08-14</subfield>
    <subfield code="l">0</subfield>
    <subfield code="o">HB171.5.F7343(5e)</subfield>
    <subfield code="p">8448/042/19</subfield>
    <subfield code="r">2019-08-14 00:00:00</subfield>
    <subfield code="t">4</subfield>
    <subfield code="w">2019-08-14</subfield>
    <subfield code="y">BK</subfield>
  </datafield>
  <datafield tag="952" ind1=" " ind2=" ">
    <subfield code="0">0</subfield>
    <subfield code="1">0</subfield>
    <subfield code="2">lcc</subfield>
    <subfield code="4">0</subfield>
    <subfield code="7">0</subfield>
    <subfield code="a">WIUC-KL</subfield>
    <subfield code="b">WIUC-KL</subfield>
    <subfield code="c">GEN</subfield>
    <subfield code="d">2019-10-27</subfield>
    <subfield code="l">0</subfield>
    <subfield code="o">HB171.5.F73(5e)</subfield>
    <subfield code="p">K/739/739/19</subfield>
    <subfield code="r">2021-07-01 00:00:00</subfield>
    <subfield code="t">1</subfield>
    <subfield code="w">2021-07-01</subfield>
    <subfield code="y">BK</subfield>
  </datafield>
  <datafield tag="952" ind1=" " ind2=" ">
    <subfield code="0">0</subfield>
    <subfield code="1">0</subfield>
    <subfield code="2">lcc</subfield>
    <subfield code="4">0</subfield>
    <subfield code="7">0</subfield>
    <subfield code="a">WIUC-KL</subfield>
    <subfield code="b">WIUC-KL</subfield>
    <subfield code="c">GEN</subfield>
    <subfield code="d">2019-10-27</subfield>
    <subfield code="l">0</subfield>
    <subfield code="o">HB171.5.F731(5e)</subfield>
    <subfield code="p">K/740/740/19</subfield>
    <subfield code="r">2021-07-01 00:00:00</subfield>
    <subfield code="t">2</subfield>
    <subfield code="w">2021-07-01</subfield>
    <subfield code="y">BK</subfield>
  </datafield>
  <datafield tag="952" ind1=" " ind2=" ">
    <subfield code="0">0</subfield>
    <subfield code="1">0</subfield>
    <subfield code="2">lcc</subfield>
    <subfield code="4">0</subfield>
    <subfield code="7">0</subfield>
    <subfield code="a">WIUC-KL</subfield>
    <subfield code="b">WIUC-KL</subfield>
    <subfield code="c">GEN</subfield>
    <subfield code="d">2019-10-27</subfield>
    <subfield code="l">0</subfield>
    <subfield code="o">HB171.5.F732(5e)</subfield>
    <subfield code="p">K/741/741/19</subfield>
    <subfield code="r">2021-07-01 00:00:00</subfield>
    <subfield code="t">3</subfield>
    <subfield code="w">2021-07-01</subfield>
    <subfield code="y">BK</subfield>
  </datafield>
  <datafield tag="952" ind1=" " ind2=" ">
    <subfield code="0">0</subfield>
    <subfield code="1">0</subfield>
    <subfield code="2">lcc</subfield>
    <subfield code="4">0</subfield>
    <subfield code="7">0</subfield>
    <subfield code="a">WIUC-KL</subfield>
    <subfield code="b">WIUC-KL</subfield>
    <subfield code="c">GEN</subfield>
    <subfield code="d">2019-10-25</subfield>
    <subfield code="l">0</subfield>
    <subfield code="o">HB171.5.F733(5e)</subfield>
    <subfield code="p">K/547/547/19</subfield>
    <subfield code="r">2021-09-27 00:00:00</subfield>
    <subfield code="t">4</subfield>
    <subfield code="w">2021-09-27</subfield>
    <subfield code="y">BK</subfield>
  </datafield>
  <datafield tag="952" ind1=" " ind2=" ">
    <subfield code="0">0</subfield>
    <subfield code="1">0</subfield>
    <subfield code="2">lcc</subfield>
    <subfield code="4">0</subfield>
    <subfield code="7">0</subfield>
    <subfield code="a">WIUC-KL</subfield>
    <subfield code="b">WIUC-KL</subfield>
    <subfield code="c">GEN</subfield>
    <subfield code="d">2019-10-25</subfield>
    <subfield code="l">0</subfield>
    <subfield code="o">HB171.5.F734(5e)</subfield>
    <subfield code="p">K/548/548/19</subfield>
    <subfield code="r">2021-09-27 00:00:00</subfield>
    <subfield code="t">5</subfield>
    <subfield code="w">2021-09-27</subfield>
    <subfield code="y">BK</subfield>
  </datafield>
  <datafield tag="952" ind1=" " ind2=" ">
    <subfield code="0">0</subfield>
    <subfield code="1">0</subfield>
    <subfield code="2">lcc</subfield>
    <subfield code="4">0</subfield>
    <subfield code="7">0</subfield>
    <subfield code="a">WIUC-KL</subfield>
    <subfield code="b">WIUC-KL</subfield>
    <subfield code="c">GEN</subfield>
    <subfield code="d">2019-10-25</subfield>
    <subfield code="l">0</subfield>
    <subfield code="o">HB171.5.F735(5e)</subfield>
    <subfield code="p">K/549/549/19</subfield>
    <subfield code="r">2021-09-30 00:00:00</subfield>
    <subfield code="t">6</subfield>
    <subfield code="w">2021-09-27</subfield>
    <subfield code="y">BK</subfield>
  </datafield>
</record>
